000 00647nam a2200217Ia 4500
003 IIN
005 20240202113822.0
008 231217s9999 xx 000 0 und d
020 _cFree book
_a9788126544806
040 _aIIN
_bEnglish
082 _a612
_bTOR
100 1 _aTortota, Gerard J.
245 1 _aAnatomy & Physiology Workbook
_cGerard J. Tortota and Bryan H. Derrickson
260 _bWiley
_aNew Delhi
_c2014
300 _axii,226 p.
500 _aThis book is a work book (Main books are Accession number = 0053 & 0054 )
650 1 _aAnatomy
650 1 _aPhysiology
700 1 _aDerrickson, Bryan H.
942 _cBOOK
999 _c1038
_d1038